International journal of preventive medicine

Bibliographic Details
Format: Electronic Journal
Language:English
Published: [Isfahan, Iran] : [Isfahan University of Medical Sciences], 2010-
Subjects:
Online Access:Full text available from Research Library: 01/01/2010 to present

MARC

LEADER 00000nas a2200000 a 4500
001 ssj0000396625
003 WaSeSS
005 20200512172242.0
006 m d
007 cr n
008 100709c20109999ir qr p s 0 0eng c
010 |a  2011247799 
022 |a 2008-8213  |l 2008-7802  |y 2008-7802 
035 |a (WaSeSS)ssj0000396625 
037 |b Isfahan University of Medical Sciences, PO Box 81745-319 Isfahan, Iran, Islamic Republic of 
040 |a QE2  |b eng  |c QE2  |d DLC  |d CS1  |d TXA  |d PFM  |d CUS  |d OCLCQ  |d RIV  |d OCLCF  |d COO  |d OCLCO  |d OCLCQ  |d OCLCO  |d OCLCQ  |d OCLCO  |d OCLCA  |d U3W  |d BUF  |d MOW  |d AU@  |d LIP  |d XFH  |d OCLCO  |d WYU  |d OCLCQ  |d VT2  |d WaSeSS 
042 |a pcc 
050 4 |a RA421  |b .I496 
060 0 0 |a W1  |b IN88713 
130 0 |a International journal of preventive medicine (Online) 
210 1 |a Int. j. preventive medicine  |b (Online) 
222 0 |a International journal of preventive medicine  |b (Online) 
245 1 0 |a International journal of preventive medicine  |h [electronic resource]. 
246 1 3 |a IJPM 
260 |a [Isfahan, Iran] :  |b [Isfahan University of Medical Sciences],  |c 2010- 
310 |a Quarterly 
362 1 |a Began with: Vol. 1, no. 1 (winter 2010). 
506 |a License restrictions may limit access. 
538 |a Mode of access: World Wide Web. 
588 |a Description based on: Vol. 1, no. 1 (winter 2010); title from PDF article running title (IJPM site, viewed Sept. 6, 2011). 
588 |a Latest issue consulted: Vol. 2, no. 3 (July 2011) (viewed Sept. 27, 2011). 
650 0 |a Medicine, Preventive  |v Periodicals. 
650 7 |a Medicine, Preventive.  |2 fast  |0 (OCoLC)fst01015324 
650 2 2 |a Preventive Health Services  |v Periodicals. 
650 1 2 |a Preventive Medicine  |v Periodicals. 
650 2 2 |a Public Health  |v Periodicals. 
655 0 |a Electronic journals. 
776 0 8 |i Print version:  |t International journal of preventive medicine (print)  |x 2008-7802  |w (DLC) 2010349030  |w (OCoLC)720563596 
856 4 0 |z Full text available from Research Library: 01/01/2010 to present  |u https://search.proquest.com/publication/1566339